000 00356nam a2200157Ia 4500
003 Ost
005 20260225132552.0
008 260225s9999||||xx |||||||||||||| ||und||
040 _cfsic
041 _afre
082 _a338.9
100 _aBachir Rouabhia
_eAuteur
245 0 _aLe conflit des malouines /
245 0 _cBachir Rouabhia
942 _cكتاب
999 _c34185
_d34185